000 00265nam a2200109Ia 4500
008 220204s9999 xx 000 0 und d
082 _a031
_bYAM
100 _aYamang, Taro
245 0 _aStatistics: An introductory analysis
260 _aNew york
_c1973
942 _cBK
999 _c30501
_d30501